00531nam a22001697a 450000500170000001000150001702000260003203500130005803700130007108200150008410000240009924500940012326000300021727000480024730000260029550000400032120150804110438.0 aENG-113101 a9789380574165c695.00 aEN-96633 bDBAD/PUB a331.892954 aShyam Sundar, K.R.  aIndustrial conflict in India : cby K.R. Shyam Sundarbis the sleeping giant waking up? / aNew DelhibBookwellc2010 a3/79, Nirankari Colony, bNew Delhie110009 axviii,271p.c23cm(Hb) aIncludes bibliographical references